veggies and fruits - Statistics

General Stats
  • This quiz has been taken 6 times
  • The average score is 15 of 16
Answer Stats
Picture Answer % Correct
apple
100%
bananas
100%
blackberry
100%
broccoli
100%
cabbage
100%
eggplant
100%
grapes
100%
lime
100%
peach
100%
potato
100%
raspberries
100%
strawberries
100%
tomato
100%
watermelon
100%
blueberries
83%
dragonfruit
50%
No matching quizzes found
Score Distribution
Percent of People with Each Score
Percentile by Number Answered
Your Score History
You have not taken this quiz